000 00421nam a2200181Ia 4500
001 7967
005 20260306160534.0
008 260306t2018||||xx |||||||||||||| ||spa||
041 _aESP
082 _a364.24
_bS21
100 _aSan Juan Guillén, César
_eAUT
245 0 _aPsicología criminal
260 _c2018
300 _a283 páginas :
_c23 cm.
650 _aGEN
654 _aCPS
942 _cLIB
_dJUS
_fJUS
_2ddc
_n
999 _c7967
_d7967